[Event "28. Obert La Pobla de Lillet - Torneo B"]
[Site "La Pobla de Lillet ESP"]
[Date "2018.08.04"]
[Round "4.5"]
[White "Armengou Bernal, Pere"]
[Black "Escofet Llongueras, Joan"]
[Result "1/2-1/2"]
[WhiteElo "1489"]
[BlackElo "1681"]
[PlyCount "43"]
[EventDate "2018.08.01"]
[EventType "swiss"]
[EventRounds "9"]
[EventCountry "ESP"]
[SourceTitle "Ajedrez en Madrid"]
[Source "lmi"]
[SourceDate "2018.08.01"]
[SourceVersion "1"]
[SourceVersionDate "2019.06.15"]
[SourceQuality "1"]

1. e4 e6 2. d4 d5 3. exd5 exd5 4. Nf3 Bd6 5. Bd3 Ne7 6. Bg5 f6 7. Be3 Bf5 8. a3
Qd7 9. Nc3 c6 10. Be2 Ng6 11. Qd2 Qc7 12. g3 Nd7 13. h3 Nb6 14. b3 O-O-O 15. g4
Be4 16. Rf1 Nf4 17. Nxe4 Ng2+ 18. Kd1 dxe4 19. Ne1 Nf4 20. g5 Nxe2 21. Qxe2 Nd5
22. Qd2 1/2-1/2

[Event "28. Obert La Pobla de Lillet - Torneo B"]
[Site "La Pobla de Lillet ESP"]
[Date "2018.08.05"]
[Round "5.1"]
[White "Matons Calafi, Eva M."]
[Black "Ambros Pladellorens, Jordi"]
[Result "1/2-1/2"]
[WhiteElo "1736"]
[BlackElo "1768"]
[PlyCount "113"]
[EventDate "2018.08.01"]
[EventType "swiss"]
[EventRounds "9"]
[EventCountry "ESP"]
[SourceTitle "Ajedrez en Madrid"]
[Source "lmi"]
[SourceDate "2018.08.01"]
[SourceVersion "1"]
[SourceVersionDate "2019.06.15"]
[SourceQuality "1"]

1. Nf3 f5 2. c4 Nf6 3. Nc3 e6 4. g3 c6 5. Bg2 d5 6. cxd5 cxd5 7. d4 Be7 8. Bf4
a6 9. a4 Nc6 10. O-O O-O 11. Rc1 Bd7 12. Qb3 Na5 13. Qd1 Rc8 14. e3 Qb6 15. Rb1
Bb4 16. Ne5 Rfd8 17. Bg5 Nc4 18. Bxf6 gxf6 19. Nxc4 Rxc4 20. Nxd5 exd5 21.
Bxd5+ Be6 22. Bxe6+ Qxe6 23. Qb3 Rdc8 24. Rbc1 Kf7 25. Rxc4 Qxc4 26. Qxc4+ Rxc4
27. Kg2 Rc2 28. Kf3 Rxb2 29. Rc1 Bd6 30. h3 Ra2 31. Rb1 Rxa4 32. Rxb7+ Ke6 33.
Rxh7 a5 34. h4 Rc4 35. Ra7 a4 36. h5 a3 37. h6 Rc8 38. g4 fxg4+ 39. Kxg4 f5+
40. Kh5 Kf6 41. Ra6 Rd8 42. h7 Kg7 43. Ra7+ Kh8 44. Kg5 Rf8 45. f3 Bb4 46. Kg6
Re8 47. Kxf5 Rxe3 48. Kg6 Rxf3 49. d5 Rg3+ 50. Kh6 Bf8+ 51. Kh5 Rg7 52. Ra8
Rxh7+ 53. Kg6 Rg7+ 54. Kf6 Kg8 55. d6 Rd7 56. Rxa3 Rxd6+ 57. Ke5 1/2-1/2

[Event "28. Obert La Pobla de Lillet - Torneo B"]
[Site "La Pobla de Lillet ESP"]
[Date "2018.08.05"]
[Round "5.2"]
[White "Vegara Gallego, Pere"]
[Black "Camprubi Juanola, Jaume"]
[Result "0-1"]
[WhiteElo "1625"]
[BlackElo "1587"]
[PlyCount "89"]
[EventDate "2018.08.01"]
[EventType "swiss"]
[EventRounds "9"]
[EventCountry "ESP"]
[SourceTitle "Ajedrez en Madrid"]
[Source "lmi"]
[SourceDate "2018.08.01"]
[SourceVersion "1"]
[SourceVersionDate "2019.06.15"]
[SourceQuality "1"]

1. Nf3 c5 2. e3 Nf6 3. b3 g6 4. Bb2 Bg7 5. Be2 O-O 6. c4 Nc6 7. O-O d6 8. d3
Rb8 9. Nc3 d5 10. Nxd5 Nxd5 11. Bxg7 Kxg7 12. cxd5 Qxd5 13. Qc2 Kg8 14. Rfd1 e5
15. Qc3 Rd8 16. h3 b6 17. Qc4 Rb7 18. Ng5 Qd6 19. Ne4 Qe7 20. Nc3 Be6 21. Qe4
Rc7 22. Bf3 f5 23. Qa4 Nb4 24. Qb5 Kg7 25. a3 Bd7 26. Qc4 Be6 27. Qb5 Nd5 28.
Bxd5 Bxd5 29. Nxd5 Rxd5 30. e4 Rd4 31. exf5 gxf5 32. Re1 Kf6 33. a4 Rb4 34. Qa6
Rxb3 35. Qc4 Rb4 36. Qc3 Qd6 37. f4 Rxf4 38. Kh1 Qd4 39. Qb3 Rf2 40. Qg8 Qd7
41. Qf8+ Ke6 42. Rxe5+ Kxe5 43. Re1+ Kd5 44. Qf6 Qd6 45. Re5+ 0-1

[Event "28. Obert La Pobla de Lillet - Torneo B"]
[Site "La Pobla de Lillet ESP"]
[Date "2018.08.05"]
[Round "5.3"]
[White "Puente Fernandez, Lucas"]
[Black "Creixans Comerma, Pol"]
[Result "1-0"]
[WhiteElo "1299"]
[BlackElo "1630"]
[PlyCount "109"]
[EventDate "2018.08.01"]
[EventType "swiss"]
[EventRounds "9"]
[EventCountry "ESP"]
[SourceTitle "Ajedrez en Madrid"]
[Source "lmi"]
[SourceDate "2018.08.01"]
[SourceVersion "1"]
[SourceVersionDate "2019.06.15"]
[SourceQuality "1"]

1. d4 d5 2. Nf3 Nf6 3. c4 e6 4. Nc3 Be7 5. Bg5 O-O 6. e3 b6 7. Bd3 Bb7 8. O-O
Ne4 9. Bxe7 Qxe7 10. Qc2 f5 11. cxd5 exd5 12. Ne5 c5 13. f4 c4 14. Be2 a6 15.
Nxe4 fxe4 16. Rac1 Nc6 17. Nxc6 Bxc6 18. Bxc4 Bb7 19. Be2 Rfc8 20. Qd2 Rxc1 21.
Rxc1 Rc8 22. Rxc8+ Bxc8 23. Qc3 Bb7 24. Qb3 Qc7 25. Qa4 b5 26. Qd1 Qa5 27. a3
Qc7 28. Bg4 Bc8 29. Be2 Qc6 30. Qb3 Bb7 31. Qc3 Qd7 32. Qc5 g6 33. h3 Qf7 34.
Qd6 Qf8 35. Qxf8+ Kxf8 36. Kf2 h5 37. Kg3 Kg7 38. Kh4 Bc8 39. Kg5 Bd7 40. g4
hxg4 41. Bxg4 Bc6 42. h4 Be8 43. h5 gxh5 44. Bxh5 Bd7 45. f5 a5 46. f6+ Kf8 47.
Bg4 Be8 48. Be6 Bc6 49. Kf4 b4 50. axb4 axb4 51. Ke5 Be8 52. Bxd5 b3 53. Bxe4
Bf7 54. Bc6 Bg8 55. d5 1-0

[Event "28. Obert La Pobla de Lillet - Torneo B"]
[Site "La Pobla de Lillet ESP"]
[Date "2018.08.05"]
[Round "5.4"]
[White "Rossell Aran, Joan"]
[Black "Febrero Perez, Lluis"]
[Result "1/2-1/2"]
[WhiteElo "1489"]
[BlackElo "1515"]
[PlyCount "37"]
[EventDate "2018.08.01"]
[EventType "swiss"]
[EventRounds "9"]
[EventCountry "ESP"]
[SourceTitle "Ajedrez en Madrid"]
[Source "lmi"]
[SourceDate "2018.08.01"]
[SourceVersion "1"]
[SourceVersionDate "2019.06.15"]
[SourceQuality "1"]

1. e4 e5 2. Nf3 Nc6 3. d4 exd4 4. Nxd4 Qh4 5. Nc3 Bb4 6. Be2 Bxc3+ 7. bxc3 Qxe4
8. Nb5 Kd8 9. Ba3 Qe5 10. O-O a6 11. Nd4 Nge7 12. Re1 Re8 13. Nf3 Qxc3 14. Ng5
Qf6 15. Nxh7 Qh6 16. Bd3 d6 17. Bc1 Qh4 18. Be4 f5 19. Bxc6 1/2-1/2

[Event "28. Obert La Pobla de Lillet - Torneo B"]
[Site "La Pobla de Lillet ESP"]
[Date "2018.08.05"]
[Round "5.5"]
[White "Planella Zavala, Ivan"]
[Black "Vidal Moll, Francesc"]
[Result "1/2-1/2"]
[WhiteElo "1437"]
[BlackElo "1516"]
[PlyCount "87"]
[EventDate "2018.08.01"]
[EventType "swiss"]
[EventRounds "9"]
[EventCountry "ESP"]
[SourceTitle "Ajedrez en Madrid"]
[Source "lmi"]
[SourceDate "2018.08.01"]
[SourceVersion "1"]
[SourceVersionDate "2019.06.15"]
[SourceQuality "1"]

1. e4 e6 2. d4 d5 3. e5 c5 4. Nf3 Qb6 5. c3 Nc6 6. g3 cxd4 7. cxd4 Nge7 8. b3
Nf5 9. Bb2 Be7 10. Bg2 O-O 11. O-O Bd7 12. Na3 Rac8 13. Nc2 Qa5 14. Qe2 Rc7 15.
Ne3 Nxe3 16. Qxe3 Rfc8 17. a4 Nd8 18. Rac1 Rc2 19. Rxc2 Rxc2 20. Bc1 Rc3 21.
Qe1 Bb4 22. Qd1 b5 23. axb5 Bxb5 24. Bd2 Rd3 25. Bxb4 Rxd1 26. Bxa5 Bxf1 27.
Bxf1 Nc6 28. Bc3 Rb1 29. Kg2 Rxb3 30. Bd2 a5 31. Be2 Rb8 32. Bd1 Kf8 33. Ba4
Nb4 34. Bd1 h6 35. h4 Rc8 36. Bb3 Ke7 37. Kh3 Rb8 38. Ba4 Ra8 39. Bc1 Kd8 40.
g4 Rc8 41. Bd2 Kc7 42. g5 h5 43. Bd1 Kb6 44. Ng1 1/2-1/2

[Event "28. Obert La Pobla de Lillet - Torneo B"]
[Site "La Pobla de Lillet ESP"]
[Date "2018.08.06"]
[Round "6.1"]
[White "Camprubi Juanola, Jaume"]
[Black "Ambros Pladellorens, Jordi"]
[Result "1-0"]
[WhiteElo "1587"]
[BlackElo "1768"]
[PlyCount "63"]
[EventDate "2018.08.01"]
[EventType "swiss"]
[EventRounds "9"]
[EventCountry "ESP"]
[SourceTitle "Ajedrez en Madrid"]
[Source "lmi"]
[SourceDate "2018.08.01"]
[SourceVersion "1"]
[SourceVersionDate "2019.06.15"]
[SourceQuality "1"]

1. c4 e5 2. Nc3 c5 3. g3 f5 4. Bg2 Nf6 5. d3 d6 6. Nf3 Be7 7. O-O Nc6 8. Rb1
O-O 9. a3 a5 10. Bg5 Be6 11. Bd2 Kh8 12. Nb5 Rb8 13. e3 Bg8 14. Qc2 Qe8 15. d4
e4 16. Ne1 d5 17. cxd5 Nb4 18. axb4 Qxb5 19. bxc5 Nxd5 20. Qd1 Nc7 21. f3 Bd5
22. Nc2 Bb3 23. fxe4 Qd3 24. Rc1 fxe4 25. Rxf8+ Rxf8 26. Ne1 Qb5 27. Qg4 Bd5
28. Bc3 b6 29. cxb6 Qxb6 30. Bxe4 Be6 31. Qh5 Bc4 32. Qxh7# 1-0

[Event "28. Obert La Pobla de Lillet - Torneo B"]
[Site "La Pobla de Lillet ESP"]
[Date "2018.08.06"]
[Round "6.2"]
[White "Puente Fernandez, Lucas"]
[Black "Matons Calafi, Eva M."]
[Result "0-1"]
[WhiteElo "1299"]
[BlackElo "1736"]
[PlyCount "42"]
[EventDate "2018.08.01"]
[EventType "swiss"]
[EventRounds "9"]
[EventCountry "ESP"]
[SourceTitle "Ajedrez en Madrid"]
[Source "lmi"]
[SourceDate "2018.08.01"]
[SourceVersion "1"]
[SourceVersionDate "2019.06.15"]
[SourceQuality "1"]

1. d4 Nf6 2. g3 g6 3. Bg2 Bg7 4. e4 d6 5. h3 O-O 6. Ne2 e5 7. Nbc3 Nc6 8. Be3
Rb8 9. O-O a6 10. a4 Bd7 11. Qd2 exd4 12. Nxd4 Re8 13. Rfe1 Ne5 14. b3 c5 15.
Nde2 Bxh3 16. f4 Bxg2 17. Kxg2 Neg4 18. Kf3 Qd7 19. e5 Qc6+ 20. Nd5 Qxd5+ 21.
Qxd5 Nxd5 0-1

[Event "28. Obert La Pobla de Lillet - Torneo B"]
[Site "La Pobla de Lillet ESP"]
[Date "2018.08.06"]
[Round "6.3"]
[White "Febrero Perez, Lluis"]
[Black "Escofet Llongueras, Joan"]
[Result "0-1"]
[WhiteElo "1515"]
[BlackElo "1681"]
[PlyCount "110"]
[EventDate "2018.08.01"]
[EventType "swiss"]
[EventRounds "9"]
[EventCountry "ESP"]
[SourceTitle "Ajedrez en Madrid"]
[Source "lmi"]
[SourceDate "2018.08.01"]
[SourceVersion "1"]
[SourceVersionDate "2019.06.15"]
[SourceQuality "1"]

1. e4 e6 2. d4 d5 3. e5 c5 4. c3 Nc6 5. Nf3 Qb6 6. a3 Bd7 7. Be2 Rc8 8. O-O a5
9. a4 Nge7 10. Na3 cxd4 11. cxd4 Nf5 12. Nc2 Nb4 13. Ne3 Nxe3 14. Bxe3 Nc2 15.
Rc1 Nxe3 16. Rxc8+ Bxc8 17. Bb5+ Bd7 18. Bxd7+ Kxd7 19. fxe3 Be7 20. Ne1 f5 21.
exf6 Bxf6 22. Nd3 Re8 23. Qh5 h6 24. Ne5+ Bxe5 25. Qxe5 Re7 26. Rc1 Qd6 27. Qh5
Qb4 28. Qh4 Qxa4 29. Rc7+ Kxc7 30. Qxe7+ Qd7 31. Qc5+ Kb8 32. Qxa5 Qc7 33. Qe1
Qc2 34. b4 Qc7 35. g4 e5 36. Kg2 Qc2+ 37. Kh3 exd4 38. exd4 Qd3+ 39. Qg3+ Qxg3+
40. Kxg3 g5 41. Kf3 Kc7 42. Ke3 Kb6 43. Kd3 Kb5 44. Kc3 Ka4 45. b5 Kxb5 46. Kb3
Ka5 47. Ka3 Kb5 48. Kb3 b6 49. h3 Ka5 50. Ka3 b5 51. Kb3 b4 52. Kb2 Ka4 53. Ka2
b3+ 54. Kb2 Kb4 55. Kb1 Kc3 0-1

[Event "28. Obert La Pobla de Lillet - Torneo B"]
[Site "La Pobla de Lillet ESP"]
[Date "2018.08.06"]
[Round "6.4"]
[White "Molina Manas, Miquel"]
[Black "Planella Zavala, Ivan"]
[Result "1/2-1/2"]
[WhiteElo "1636"]
[BlackElo "1437"]
[PlyCount "84"]
[EventDate "2018.08.01"]
[EventType "swiss"]
[EventRounds "9"]
[EventCountry "ESP"]
[SourceTitle "Ajedrez en Madrid"]
[Source "lmi"]
[SourceDate "2018.08.01"]
[SourceVersion "1"]
[SourceVersionDate "2019.06.15"]
[SourceQuality "1"]

1. e4 e5 2. Nf3 Nc6 3. Bc4 Bc5 4. O-O Nf6 5. d3 O-O 6. c3 d6 7. b4 Bb6 8. a4 a6
9. h3 Be6 10. Nbd2 Qd7 11. Ng5 Bxc4 12. Nxc4 d5 13. Nxb6 cxb6 14. Ba3 Rfe8 15.
Qc2 d4 16. c4 Rac8 17. b5 axb5 18. axb5 Ne7 19. f4 exf4 20. Rxf4 Ng6 21. Rff1
Qxb5 22. Qf2 Qxg5 23. Qxd4 b5 24. Rf5 Qg3 25. Bd6 Qh4 26. Rxb5 Nxe4 27. dxe4
Rxe4 28. Rc5 Rce8 29. Qd3 Rd4 30. Qg3 Rxc4 31. Qxh4 Rxh4 32. Rc7 Rd4 33. Bg3 b5
34. Rb7 b4 35. Raa7 Nh8 36. Ra4 Rd3 37. Bf4 b3 38. Rab4 Rd1+ 39. Kh2 Ng6 40.
Bc7 Rd7 41. Rxb3 h6 42. Ba5 Rd5 1/2-1/2

[Event "28. Obert La Pobla de Lillet - Torneo B"]
[Site "La Pobla de Lillet ESP"]
[Date "2018.08.06"]
[Round "6.5"]
[White "Creixans Comerma, Pol"]
[Black "Rossell Aran, Joan"]
[Result "1-0"]
[WhiteElo "1630"]
[BlackElo "1489"]
[PlyCount "33"]
[EventDate "2018.08.01"]
[EventType "swiss"]
[EventRounds "9"]
[EventCountry "ESP"]
[SourceTitle "Ajedrez en Madrid"]
[Source "lmi"]
[SourceDate "2018.08.01"]
[SourceVersion "1"]
[SourceVersionDate "2019.06.15"]
[SourceQuality "1"]

1. d4 d5 2. c4 c6 3. e3 e6 4. Nf3 Bd6 5. Nc3 f5 6. cxd5 cxd5 7. Bd2 Bd7 8. Nb5
Bxb5 9. Bxb5+ Nd7 10. Ne5 Ngf6 11. Bxd7+ Nxd7 12. Qh5+ g6 13. Nxg6 Rg8 14. Ne5+
Rg6 15. Nxg6 hxg6 16. Qxg6+ Ke7 17. e4 1-0

[Event "28. Obert La Pobla de Lillet - Torneo B"]
[Site "La Pobla de Lillet ESP"]
[Date "2018.08.07"]
[Round "7.1"]
[White "Matons Calafi, Eva M."]
[Black "Camprubi Juanola, Jaume"]
[Result "1/2-1/2"]
[WhiteElo "1736"]
[BlackElo "1587"]
[PlyCount "59"]
[EventDate "2018.08.01"]
[EventType "swiss"]
[EventRounds "9"]
[EventCountry "ESP"]
[SourceTitle "Ajedrez en Madrid"]
[Source "lmi"]
[SourceDate "2018.08.01"]
[SourceVersion "1"]
[SourceVersionDate "2019.06.15"]
[SourceQuality "1"]

1. e4 c5 2. Nf3 g6 3. d3 Bg7 4. g3 Nf6 5. Bg2 O-O 6. O-O d5 7. Nbd2 Nc6 8. Re1
e6 9. exd5 exd5 10. Nb3 b6 11. c3 Bf5 12. Bf4 Qd7 13. Ne5 Nxe5 14. Bxe5 Rad8
15. d4 c4 16. Nd2 Rfe8 17. Nf1 Ng4 18. Bxg7 Kxg7 19. h3 Nf6 20. Kh2 Rxe1 21.
Qxe1 Re8 22. Qd1 Ne4 23. Qf3 Qb5 24. Ne3 Be6 25. Qe2 Qc6 26. Re1 b5 27. Rd1 Qd7
28. Bxe4 dxe4 29. g4 Qd6+ 30. Kg2 1/2-1/2

[Event "28. Obert La Pobla de Lillet - Torneo B"]
[Site "La Pobla de Lillet ESP"]
[Date "2018.08.07"]
[Round "7.2"]
[White "Escofet Llongueras, Joan"]
[Black "Molina Manas, Miquel"]
[Result "1-0"]
[WhiteElo "1681"]
[BlackElo "1636"]
[PlyCount "44"]
[EventDate "2018.08.01"]
[EventType "swiss"]
[EventRounds "9"]
[EventCountry "ESP"]
[SourceTitle "Ajedrez en Madrid"]
[Source "lmi"]
[SourceDate "2018.08.01"]
[SourceVersion "1"]
[SourceVersionDate "2019.06.15"]
[SourceQuality "1"]

1. c4 c6 2. Nc3 d5 3. cxd5 cxd5 4. d4 e6 5. g3 Nf6 6. Bg2 Be7 7. Nf3 h6 8. O-O
O-O 9. b3 b6 10. Bb2 Bb7 11. Rc1 Nbd7 12. Ne5 a6 13. Qd2 Rc8 14. Rc2 b5 15.
Rfc1 Qa5 16. Nxd5 Qxd2 17. Nxe7+ Kh8 18. Rxd2 Rxc1+ 19. Bxc1 Bxg2 20. Kxg2 Nxe5
21. dxe5 Ng4 22. Bb2 f6 1-0

[Event "28. Obert La Pobla de Lillet - Torneo B"]
[Site "La Pobla de Lillet ESP"]
[Date "2018.08.07"]
[Round "7.4"]
[White "Torralbas Guma, Guillem"]
[Black "Puente Fernandez, Lucas"]
[Result "0-1"]
[WhiteElo "1656"]
[BlackElo "1299"]
[PlyCount "72"]
[EventDate "2018.08.01"]
[EventType "swiss"]
[EventRounds "9"]
[EventCountry "ESP"]
[SourceTitle "Ajedrez en Madrid"]
[Source "lmi"]
[SourceDate "2018.08.01"]
[SourceVersion "1"]
[SourceVersionDate "2019.06.15"]
[SourceQuality "1"]

1. d4 d5 2. Nf3 Nf6 3. e3 Bf5 4. Bd3 Bxd3 5. Qxd3 c6 6. b3 e6 7. O-O Nbd7 8.
Bb2 Bd6 9. Nbd2 Qc7 10. e4 dxe4 11. Nxe4 Nxe4 12. Qxe4 O-O 13. Rfe1 Nf6 14. Qh4
Be7 15. Qh3 h6 16. Bc1 Rfd8 17. c3 Bf8 18. Ne5 c5 19. dxc5 Qxc5 20. Nc4 b5 21.
Na5 Qc7 22. b4 Rac8 23. a3 Qxc3 24. Qxc3 Rxc3 25. Be3 a6 26. Rec1 Rcd3 27. Bc5
Ne4 28. Bxf8 Kxf8 29. f3 Nc3 30. Kf2 Rd2+ 31. Kf1 Nd5 32. Rc6 Ne3+ 33. Kg1
Rxg2+ 34. Kh1 Rdd2 35. Rc8+ Ke7 36. Rc7+ Kf6 0-1

[Event "28. Obert La Pobla de Lillet - Torneo B"]
[Site "La Pobla de Lillet ESP"]
[Date "2018.08.07"]
[Round "7.5"]
[White "Planella Zavala, Ivan"]
[Black "Creixans Comerma, Pol"]
[Result "0-1"]
[WhiteElo "1437"]
[BlackElo "1630"]
[PlyCount "69"]
[EventDate "2018.08.01"]
[EventType "swiss"]
[EventRounds "9"]
[EventCountry "ESP"]
[SourceTitle "Ajedrez en Madrid"]
[Source "lmi"]
[SourceDate "2018.08.01"]
[SourceVersion "1"]
[SourceVersionDate "2019.06.15"]
[SourceQuality "1"]

1. e4 e5 2. Nf3 Nc6 3. Bc4 Bc5 4. O-O Nf6 5. d3 d6 6. h3 Be6 7. Bb3 h6 8. Nc3
O-O 9. Be3 Re8 10. Re1 a5 11. Qd2 Qd7 12. Rad1 Nd4 13. Bxd4 Bxd4 14. Nxd4 exd4
15. Nd5 Bxd5 16. Bxd5 c6 17. e5 Nxd5 18. exd6 Rxe1+ 19. Rxe1 Qxd6 20. c3 dxc3
21. bxc3 Rd8 22. c4 Nb4 23. a3 Qxd3 24. Qb2 Nc2 25. Rc1 Nd4 26. Re1 b5 27. cxb5
cxb5 28. Qa2 b4 29. axb4 axb4 30. Qa5 Nc2 31. Rc1 b3 32. Qe5 Qd4 33. Qb5 b2 34.
Rf1 Na3 35. Kh2 0-1

[Event "28. Obert La Pobla de Lillet - Torneo B"]
[Site "La Pobla de Lillet ESP"]
[Date "2018.08.08"]
[Round "8.1"]
[White "Camprubi Juanola, Jaume"]
[Black "Escofet Llongueras, Joan"]
[Result "1/2-1/2"]
[WhiteElo "1587"]
[BlackElo "1681"]
[PlyCount "58"]
[EventDate "2018.08.01"]
[EventType "swiss"]
[EventRounds "9"]
[EventCountry "ESP"]
[SourceTitle "Ajedrez en Madrid"]
[Source "lmi"]
[SourceDate "2018.08.01"]
[SourceVersion "1"]
[SourceVersionDate "2019.06.15"]
[SourceQuality "1"]

1. c4 Nf6 2. Nc3 g6 3. g3 c6 4. Bg2 Bg7 5. Nf3 O-O 6. O-O d5 7. cxd5 cxd5 8. d3
Nc6 9. Bf4 Nh5 10. Bd2 e5 11. Qb3 Nf6 12. Rab1 d4 13. Na4 Qd5 14. Qa3 Rd8 15.
Rfc1 Qd6 16. Qb3 Rb8 17. Ng5 Nd5 18. Rc5 Nce7 19. Rbc1 h6 20. Ne4 Qe6 21. R5c2
b6 22. Nac5 Qf5 23. h3 g5 24. Qb5 Qg6 25. Na6 Bd7 26. Qb3 Rbc8 27. g4 Rxc2 28.
Rxc2 Be6 29. Qb5 Bd7 1/2-1/2

[Event "28. Obert La Pobla de Lillet - Torneo B"]
[Site "La Pobla de Lillet ESP"]
[Date "2018.08.08"]
[Round "8.2"]
[White "Vegara Gallego, Pere"]
[Black "Matons Calafi, Eva M."]
[Result "0-1"]
[WhiteElo "1625"]
[BlackElo "1736"]
[PlyCount "79"]
[EventDate "2018.08.01"]
[EventType "swiss"]
[EventRounds "9"]
[EventCountry "ESP"]
[SourceTitle "Ajedrez en Madrid"]
[Source "lmi"]
[SourceDate "2018.08.01"]
[SourceVersion "1"]
[SourceVersionDate "2019.06.15"]
[SourceQuality "1"]

1. Nf3 g6 2. d4 Bg7 3. e3 d6 4. Be2 Nf6 5. O-O O-O 6. c4 Nbd7 7. Nc3 c6 8. Bd2
e5 9. Rc1 Re8 10. dxe5 dxe5 11. h3 e4 12. Nd4 c5 13. Nc2 Ne5 14. Ne1 Re6 15.
Qc2 Rd6 16. Nb1 Be6 17. b3 Qd7 18. Bc3 Nd3 19. Bxd3 exd3 20. Qb2 Bf5 21. Nd2
Bxh3 22. gxh3 Qxh3 23. f3 Qh6 24. Ng2 Re8 25. Rce1 g5 26. Kf2 g4 27. Rh1 Qg5
28. f4 g3+ 29. Kg1 Qg4 30. Rh4 Qe6 31. Qc1 Qf5 32. Qd1 Ne4 33. Bxg7 Kxg7 34.
Nxe4 Qxe4 35. Qd2 Qc6 36. Rg4+ Rg6 37. Rh4 Rd8 38. Rd1 Qf3 39. Rh1 Rgd6 40. Nh4
0-1

[Event "28. Obert La Pobla de Lillet - Torneo B"]
[Site "La Pobla de Lillet ESP"]
[Date "2018.08.08"]
[Round "8.3"]
[White "Creixans Comerma, Pol"]
[Black "Ambros Pladellorens, Jordi"]
[Result "1-0"]
[WhiteElo "1630"]
[BlackElo "1768"]
[PlyCount "75"]
[EventDate "2018.08.01"]
[EventType "swiss"]
[EventRounds "9"]
[EventCountry "ESP"]
[SourceTitle "Ajedrez en Madrid"]
[Source "lmi"]
[SourceDate "2018.08.01"]
[SourceVersion "1"]
[SourceVersionDate "2019.06.15"]
[SourceQuality "1"]

1. Nf3 f5 2. d4 d5 3. c4 e6 4. Nc3 c6 5. Bg5 Nf6 6. e3 Be7 7. Bd3 O-O 8. O-O
Nbd7 9. cxd5 cxd5 10. Rc1 a6 11. a3 b5 12. a4 b4 13. Ne2 a5 14. Bf4 Ne4 15. Nd2
g5 16. Bc7 Qe8 17. Nb3 Bd6 18. f4 Bxc7 19. Rxc7 Ba6 20. Bxe4 fxe4 21. fxg5 Qd8
22. Rxf8+ Nxf8 23. Rc5 Qxg5 24. Qd2 Qd8 25. Rxa5 Bc4 26. Rxa8 Qxa8 27. Nc5 Qb8
28. b3 Bxe2 29. Qxe2 e5 30. Qb5 Qd8 31. Qxb4 Qg5 32. Qd2 Ng6 33. dxe5 Qxe5 34.
Nd7 Qe6 35. Qxd5 Qxd5 36. Nf6+ Kf7 37. Nxd5 Ke6 38. Nf4+ 1-0

[Event "28. Obert La Pobla de Lillet - Torneo B"]
[Site "La Pobla de Lillet ESP"]
[Date "2018.08.08"]
[Round "8.4"]
[White "Puente Fernandez, Lucas"]
[Black "Vargas Rodriguez, Gabriel"]
[Result "1-0"]
[WhiteElo "1299"]
[BlackElo "1637"]
[PlyCount "63"]
[EventDate "2018.08.01"]
[EventType "swiss"]
[EventRounds "9"]
[EventCountry "ESP"]
[SourceTitle "Ajedrez en Madrid"]
[Source "lmi"]
[SourceDate "2018.08.01"]
[SourceVersion "1"]
[SourceVersionDate "2019.06.15"]
[SourceQuality "1"]

1. d4 Nf6 2. c4 g6 3. Nc3 Bg7 4. Nf3 O-O 5. e4 d6 6. Be2 e5 7. dxe5 dxe5 8.
Qxd8 Rxd8 9. Bg5 Nc6 10. Nd5 Rd6 11. c5 Re6 12. Nxc7 Nxe4 13. Nxa8 Nd4 14. Nxd4
exd4 15. Bf4 d3 16. Nc7 Re7 17. Bd6 Nxd6 18. cxd6 Rxe2+ 19. Kf1 Bd4 20. h3
Rxf2+ 21. Ke1 d2+ 22. Kd1 Rxg2 23. Nd5 Bf5 24. Ne7+ Kf8 25. Nxf5 gxf5 26. Kc2
Be5 27. Rad1 Ke8 28. Rhf1 Bxd6 29. Rxd2 Rxd2+ 30. Kxd2 f4 31. Kd3 f5 32. Kd4
1-0

[Event "28. Obert La Pobla de Lillet - Torneo B"]
[Site "La Pobla de Lillet ESP"]
[Date "2018.08.08"]
[Round "8.5"]
[White "Torralbas Guma, Guillem"]
[Black "Rossell Aran, Joan"]
[Result "1-0"]
[WhiteElo "1656"]
[BlackElo "1489"]
[PlyCount "99"]
[EventDate "2018.08.01"]
[EventType "swiss"]
[EventRounds "9"]
[EventCountry "ESP"]
[SourceTitle "Ajedrez en Madrid"]
[Source "lmi"]
[SourceDate "2018.08.01"]
[SourceVersion "1"]
[SourceVersionDate "2019.06.15"]
[SourceQuality "1"]

1. a3 e5 2. c3 d5 3. d4 exd4 4. cxd4 Nf6 5. g3 Bf5 6. Bg2 Bd6 7. Nf3 O-O 8. O-O
Re8 9. Nc3 c6 10. Bf4 Bxf4 11. gxf4 Nbd7 12. e3 Ne4 13. Nxe4 Bxe4 14. Ne5 Bxg2
15. Kxg2 Nxe5 16. fxe5 Qg5+ 17. Kh1 Qf5 18. f4 Re6 19. Qf3 Rh6 20. Rg1 Re8 21.
Rg5 Qh3 22. Qxh3 Rxh3 23. Rg3 Rxg3 24. hxg3 h6 25. Kg2 Kh7 26. b4 Kg6 27. a4 a6
28. b5 axb5 29. axb5 Kf5 30. Kf3 h5 31. bxc6 bxc6 32. Ra7 Kg6 33. f5+ Kxf5 34.
Rxf7+ Kg6 35. Rd7 Re6 36. e4 dxe4+ 37. Kxe4 Kh7 38. Rd6 Rg6 39. Rxg6 Kxg6 40.
Kf4 Kf7 41. Kf5 g6+ 42. Kg5 Kg7 43. e6 Kf8 44. Kxg6 Ke7 45. Kf5 Ke8 46. Ke4 Ke7
47. Ke5 Ke8 48. Kd6 Kd8 49. Kxc6 Ke7 50. d5 1-0

[Event "28. Obert La Pobla de Lillet - Torneo B"]
[Site "La Pobla de Lillet ESP"]
[Date "2018.08.09"]
[Round "9.1"]
[White "Matons Calafi, Eva M."]
[Black "Escofet Llongueras, Joan"]
[Result "1-0"]
[WhiteElo "1736"]
[BlackElo "1681"]
[PlyCount "45"]
[EventDate "2018.08.01"]
[EventType "swiss"]
[EventRounds "9"]
[EventCountry "ESP"]
[SourceTitle "Ajedrez en Madrid"]
[Source "lmi"]
[SourceDate "2018.08.01"]
[SourceVersion "1"]
[SourceVersionDate "2019.06.15"]
[SourceQuality "1"]

1. e4 e6 2. d3 d5 3. Nd2 Nf6 4. Ngf3 dxe4 5. dxe4 b6 6. c3 Bb7 7. Qc2 Nbd7 8.
Bd3 Nc5 9. Bb5+ c6 10. Be2 Ba6 11. Bxa6 Nxa6 12. Qa4 Qc8 13. O-O Nc5 14. Qc2
Qa6 15. c4 Rd8 16. e5 Ng4 17. h3 Nh6 18. Ne4 Nf5 19. Bg5 Nd4 20. Nxd4 Rxd4 21.
Rad1 Nxe4 22. Qxe4 Rxd1 23. Rxd1 1-0